<?xml version="1.0" encoding="UTF-8"?>
<marc:record xmlns:marc="http://www.loc.gov/MARC21/slim">
   <marc:leader>00000nam a2200000 a 4500</marc:leader>
   <marc:datafield ind1="0" ind2="0" tag="245">
      <marc:subfield code="a">Auf der Baustelle</marc:subfield>
   </marc:datafield>
   <marc:datafield ind1=" " ind2="1" tag="264">
      <marc:subfield code="b">Ravensburger Buchverl.</marc:subfield>
      <marc:subfield code="c">2007</marc:subfield>
   </marc:datafield>
   <marc:datafield ind1="1" ind2=" " tag="490">
      <marc:subfield code="a">Allererstes Wissen</marc:subfield>
   </marc:datafield>
   <marc:datafield ind1="1" ind2=" " tag="520">
      <marc:subfield code="a">Es gibt viel Arbeit beim Hausbau. (ab 2) (JV) Auf einer Baustelle gibt es immer etwas zu sehen. Auch die Kleinsten interessieren sich schon für die Tätigkeiten und Arbeiten am Bau. Dieses kartonierte Ringbuch erklärt das Geschehen auf der Baustelle kindgerecht in kurzen Sätzen. Die Kinder begleiten Paul beim Hausbau: Der Bagger hebt die Baugrube aus, ein Betonmischer kommt angefahren, Paul bedient den Schwenkarm des Kranes behutsam und hilft den Maurern. Ein Klohäuschen darf natürlich auch nicht fehlen. Das Interesse der kleinen BetrachterInnen wird noch weiter geweckt, zumal auf jeder Doppelseite eine Klappe (in robuster Ausführung) zum jeweiligen Thema geöffnet werden kann. - Ein wissensförderndes, sehr empfehlenswertes Bilderbuch für Kinder ab 2 Jahren. *bn* Sieglinde Kohlbacher</marc:subfield>
   </marc:datafield>
   <marc:datafield ind1=" " ind2=" " tag="020">
      <marc:subfield code="a">9783473313945</marc:subfield>
      <marc:subfield code="9">9783473313945</marc:subfield>
   </marc:datafield>
</marc:record>
